000 02646nam1a2200337 4500
001 RU\NLR\BIBL_A\022666528
005 20260408231352.0
035 _a(NLR Aleph) 022666528
090 _a13498170
_c13498170
100 _a20251214 rusy50
101 0 _arus
102 _aRU
105 _a j
181 0 _ai
_baxxe
182 0 _an
200 1 _aЛучевая терапия злокачественных новообразований головы и шеи
_eучебное пособие
_fТ. М. Шарабура, Т. Н. Бочкарева, А. В. Михайлов
_gМинистерство здравоохранения Российской Федерации, Федеральное государственное бюджетное образовательное учреждение высшего образования "Северо-Западный государственный медицинский университет имени И. И. Мечникова" Министерства здравоохранения Российской Федерации (ФГБОУ ВО СЗГМУ им. И. И. Мечникова Минздрава России), Кафедра лучевой диагностики и лучевой терапии
203 _aТекст
_bвизуальный
_cнепосредственный
210 _aСанкт-Петербург
_cИзд-во ФГБОУ ВО СЗГМУ им. И. И. Мечникова Минздрава России
_d2024-
215 _d20
300 _aНа обороте тит. с. авт.: канд. мед. наук, доц. Шарабура Т. М., канд. биол. наук, доц. Бочкарева Т. Н., канд. мед. наук Михайлов А. В.
606 _aШея
_jУчебные издания
_xЗлокачественные опухоли
_xЛучевая терапия
_92689724
_3RU\NLR\AUTH\6601763752
606 _aГолова
_jУчебные издания
_xЗлокачественные опухоли
_xЛучевая терапия
_92689725
_3RU\NLR\AUTH\6601763753
686 1 _aР569.10-56я77
700 1 _aШарабура
_bТ. М.
_cканд. мед. наук
_gТатьяна Михайловна
_92688962
_3RU\NLR\AUTH\770287432
701 1 _aБочкарева
_bТ. Н.
701 1 _aМихайлов
_bА. В.
_cканд. мед. наук, радиология
_gАлексей Валерьевич
_92688907
_3RU\NLR\AUTH\770287420
852 _aNLR
_j2025-4/7544
942 _cBOOK
980 _aNB